From humans to computers : cognition through visual perception /
Đã lưu trong:
| 主要作者: | |
|---|---|
| 格式: | 图书 |
| 语言: | Vietnamese |
| 出版: |
World Scientific
1991
|
| 标签: |
添加标签
没有标签, 成为第一个标记此记录!
|
| Thư viện lưu trữ: | Mạng thư viện Đại học Đà Nẵng |
|---|
| LEADER | 00691nam a2200265 4500 | ||
|---|---|---|---|
| 001 | 000026983 | ||
| 003 | AL-V | ||
| 005 | 20150403120000.0 | ||
| 008 | 150403s vm 000 vie | ||
| 020 | |c 0,0000 | ||
| 040 | |a notts | ||
| 100 | |a Aleksandrov, V. V. (Viktor Vasilʹevich) | ||
| 245 | |a From humans to computers : cognition through visual perception / |c V.V. Alexandrov and N.D. Gorsky. | ||
| 260 | |b World Scientific |c 1991 | ||
| OWN | |a LTT | ||
| 999 | |a From the UDN01 | ||
| TYP | |a Monograph | ||
| TYP | |a Printed language | ||
| 980 | |a Mạng thư viện Đại học Đà Nẵng | ||